Draupadi / (Record no. 181143)

MARC details
000 -LEADER
fixed length control field 00737nam a22002057a 4500
005 - DATE AND TIME OF LATEST TRANSACTION
control field 20210902145539.0
010 ## - LCCN (DPL NO)
LC control number B-741372
020 ## - INTERNATIONAL STANDARD BOOK NUMBER
International Standard Book Number 9788126042579
Terms of availability 150.00
035 ## - SYSTEM CONTROL NUMBER
System control number B-741372
037 ## - SOURCE OF ACQUISITION
Source of stock number/acquisition Gift
082 ## - DEWEY DECIMAL CLASSIFICATION NUMBER
Classification number N
100 ## - MAIN ENTRY--PERSONAL NAME
Personal name Prasad, Yarlagadda Lakshmi
245 ## - TITLE STATEMENT
Title Draupadi /
Statement of responsibility, etc by Yarlagadda Lakshmi Prasad ; translated by K.V. Purneswara Rao
260 ## - PUBLICATION, DISTRIBUTION, ETC. (IMPRINT)
Name of publisher, distributor, etc Sahitya Akademi
Date of publication, distribution, etc 2014
Place of publication, distribution, etc New Delhi
270 ## - ADDRESS
Address Rabindra Bhavan, 35 Ferozshah Road
City New Delhi
Postal code 110001
300 ## - PHYSICAL DESCRIPTION
Extent xix, 259p.
Dimensions 21cm(pbk)
500 ## - GENERAL NOTE
General note Sahitya Akademi award-winning Telugu novel
942 ## - ADDED ENTRY ELEMENTS (KOHA)
Source of classification or shelving scheme Dewey Decimal Classification
Item type English Books
Call number suffix PRA
Classification part N
Holdings
Withdrawn status Lost status Not for loan Collection code Home library Current library Date acquired Source of acquisition Cost, normal purchase price Full call number Barcode Copy number Cost, replacement price Koha item type Public note
      Fiction Central Library Central Library 02/09/2021 Gift/Eng/18-08-2021 150.00 N PRA B-741372 1 150.00 English Books Gift

© Delhi Public Library
Hit Counter
free hit counter